000 01833nam a2200253Ia 4500
999 _c52027
_d52027
001 19031
003 GE_BSU
005 20210412163402.0
008 181216s2015||||ge |||||||||||||| ||geo||
040 _cGE_BSU
041 _ageo
080 _a82 მ-43
100 _aმაჭუტაძე, თამარ
_911233
245 _aეროვნული მენტალიტეტის თავისებურებების გამოხატვა ფრანგულ და ქართულ ანდაზებში :
_b(პარემიების თარგმანების მაგალითზე) /
_cთამარ მაჭუტაძე; სამეცნიერო ხელმძღვანელი ნატალია სურგულაძე; ბათუმის შოთა რუსთაველის სახ-ფო უნ-ტი.
264 _aბათუმი :
_bბათუმის შოთა რუსთაველის სახ. უნ-ტი,
_c2015.
300 _a201 გვ.
_b30 სმ.
653 _aდისერტაცია
653 _aეროვნული მენტალიტეტის თავისებურებების გამოხატვა ფრანგულ და ქართულ ანდაზებში (პარემიების თარგმანების მაგალითზე)
653 _aლიტმცოდნეობა
653 _aლინგვისტიკა
700 _aსურგულაძე, ნატალია
_eსამეცნიერო ხელმძღვანელი
_95439
710 _aბათუმის შოთა რუსთაველის სახ-ფო უნ-ტი
_911234
942 _cBK
_2udc